| 000 | 00775nam a2200229 a 4500 | ||
|---|---|---|---|
| 001 | 000035047 | ||
| 005 | 20200930074053.0 | ||
| 008 | 111024s1973 xxuabc 000 0 eng d | ||
| 020 | _a0671836846 | ||
| 040 |
_aDO-SdBNP _bspa _cBNPHU |
||
| 082 |
_axxxx _bC712o |
||
| 100 | 1 |
_aCollins, Larry _910551 |
|
| 245 | 1 | 0 |
_aO Jerusalem! / _cLarry Collins & Dominique Lapierre. |
| 246 | 1 | 4 | _b"a story as dramatic, as miraculous, as full of wonders as any ever told" |
| 260 |
_aNew York : _bPoqcket Books, _c1973. |
||
| 300 |
_a745 p. : _bil., mapa, retrs. ; _c18 cm. |
||
| 500 | _aInlcuye índice | ||
| 504 | _aIncluye referencias bibliográficas y notas al pie de las páginas. | ||
| 504 | _aBibliografía : p. 697-708. | ||
| 700 | 1 | 2 |
_aLapierre, Dominique _910553 |
| 049 | _aBNGR | ||
| 999 |
_c34538 _d34538 |
||